El reino de las metamorfosis / (Record no. 13962)

MARC details
000 -LEADER
campo de control de longitud fija 00957nam a2200253 i 4500
001 - NÚMERO DE CONTROL
campo de control 13962
003 - IDENTIFICADOR DE NÚMERO DE CONTROL
campo de control ES-MaACL
005 - FECHA Y HORA DE LA ÚLTIMA TRANSACCIÓN
campo de control 20230906150712.0
007 - CAMPO FIJO DE DESCRIPCIÓN FÍSICA--INFORMACIÓN GENERAL
campo de control de longitud fija t|
008 - DATOS DE LONGITUD FIJA--INFORMACIÓN GENERAL
campo de control de longitud fija 980825s1998 sp ||||1| spa d
020 ## - NÚMERO INTERNACIONAL ESTÁNDAR DEL LIBRO
Número Internacional Estándar del Libro 84-482-1731-4
080 ## - NÚMERO DE LA CLASIFICACIÓN DECIMAL UNIVERSAL
Número de la Clasificación Decimal Universal 75 Berlin, Dis (1959)- (064.3)
100 1# - ENTRADA PRINCIPAL--NOMBRE DE PERSONA
Nombre de persona Berlin, Dis (
Fechas asociadas al nombre 1959-)
9 (RLIN) 28054
245 13 - MENCIÓN DEL TÍTULO
Título El reino de las metamorfosis /
Mención de responsabilidad, etc. Dis Berlin.
260 ## - PUBLICACIÓN, DISTRIBUCIÓN, ETC.
Lugar de publicación, distribución, etc. Valencia :
Nombre del editor, distribuidor, etc. IVAM Institut Valenciáa d'Art Modern,
Fecha de publicación, distribución, etc. 1998.
300 ## - DESCRIPCIÓN FÍSICA
Extensión 261 p. :
Otras características físicas il. ;
Dimensiones 30 cm.
500 ## - NOTA GENERAL
Nota general Catálogo de la Exposición celebrada en el IVAM Centre del Carme, 24 de febrero-12 de abril de 1998 y en el Centro Cultural Conde Duque, 26 mayo-5 julio de 1998.
600 14 - PUNTO DE ACCESO ADICIONAL DE MATERIA--NOMBRE DE PERSONA
Nombre de persona Berlin, Dis (
Fechas asociadas al nombre 1959)-
Subdivisión de forma Exposiciones.
9 (RLIN) 28055
655 #7 - TERMINO DE INDIZACIÓN--GENERO/FORMA
Fuente del término tgfbne
9 (RLIN) 193628
Datos o término principal de género/forma Catálogos de exposiciones
710 2# - ENTRADA AGREGADA--NOMBRE DE ENTIDAD CORPORATIVA
Nombre de entidad corporativa o nombre de jurisdicción como elemento de entrada Instituto Valenciano de Arte Moderno.
9 (RLIN) 5249
852 ## - LOCALIZACIÓN
Ubicación ES-MaACL
Número de control de estantería L-21169
Sublocalización o colección R.126700
942 ## - ELEMENTOS DE ENTRADA SECUNDARIOS (KOHA)
Fuente del sistema de clasificación o colocación Clasificación decimal universal
Holdings
Estatus retirado Estado de pérdida Estado de daño No para préstamo Biblioteca de origen Biblioteca actual Ubicación en estantería Fecha de adquisición Fuente de adquisición Total de préstamos Signatura topográfica completa Código de barras Visto por última vez Precio de reemplazo Tipo de ítem Koha
        Biblioteca del Ateneo de Madrid Biblioteca del Ateneo de Madrid Depósito 2 17/01/2008     L-21169 1014206 23/02/2023 23/02/2023 Libro impreso